| 000 | 00826nam a2200217Ia 4500 | ||
|---|---|---|---|
| 999 |
_c39424 _d39424 |
||
| 001 | 6015 | ||
| 003 | GE_BSU | ||
| 005 | 20190903115702.0 | ||
| 008 | 181216s1991||||ge |||||||||||||| ||geo|| | ||
| 040 | _cGE_BSU | ||
| 041 | _ageo | ||
| 080 | _a821.353.1-1 ა-20 | ||
| 100 |
_aაბულაძე, თეიმურაზ _93860 |
||
| 245 |
_aვიგრძენ შორეთი : _bლექსები / _cთეიმურაზ აბულაძე ; რედ. ლელა მესხი. |
||
| 264 |
_aთბილისი : _bმერანი ; _c1991. |
||
| 300 |
_a206 გვ. : _bფოტო ; _c17 სმ. |
||
| 653 | _aვიგრძენ შორეთი | ||
| 653 | _aლექსები | ||
| 700 |
_aმესხი, ლელა _eრედაქტორი _93875 |
||
| 942 |
_cBK _2udc |
||